000 00534cam a22002291 4500
001 sa 64009088
003 DLC
005 20260227112059.0
008 890929s1963 ii 000 0 orio
010 _asa 64009088
035 _a(OCoLC)20422697
040 _aDLC
_cWaU
_dDLC
042 _apremarc
050 0 0 _aPK2576
_b.N3
100 1 _aNanda, Satyanārāẏaṇa.
245 1 0 _aBhagnāṃśa.
260 _c[1963]
300 _a4, 3, 63 p.
_c18 cm.
500 _aIn Oriya.
500 _aPoems.
650 0 _aOriya poetry.
999 _c61252
_d61252